000
00350pam a2200157a 44500
008
230515b2003 xxu||||| |||| 00| 0 eng d
020
_a
0
041
_a
ENGL
082
_a
615.2/KHA
100
_a
KHANNA
245
_a
PRINCIPLES OF DENTAL PHARMACOLOGY
250
_a
2ND
260
_a
NEW DELHI
_b
CBS PUB
_c
2003
300
_a
312
650
_a
N.D.
999
_c
557380
_d
557380